Historia y Geografía 8º año de Educación Básica
Saved in:
| Main Authors: | , |
|---|---|
| Format: | Bog |
| Sprog: | spansk |
| Udgivet: |
Santiago
Arrayán
1996
|
| Udgivelse: | 8a. ed |
| Fag: | |
| Tags: |
Tilføj Tag
Ingen Tags, Vær først til at tagge denne postø!
|
MARC
| LEADER | 00000nam a2200000 a 4500 | ||
|---|---|---|---|
| 001 | UCP5017 | ||
| 003 | CL-VaPUC | ||
| 008 | 990827e19960000CL |||||||||||||||||spa|d | ||
| 020 | |a 9562400351 | ||
| 082 | 0 | 4 | |a 372.89 |b DIA |2 21 |
| 100 | 0 | |a Díaz R., Clara |e author |9 433125 | |
| 700 | 0 | |a Domínguez Q., Liliana |e author |9 433126 | |
| 245 | 1 | 0 | |a Historia y Geografía 8º año de Educación Básica |
| 250 | |a 8a. ed | ||
| 300 | |a 192 p | ||
| 942 | |c BK | ||
| 945 | |d 19990827 00:00:00 |a rbrito | ||
| 260 | |a Santiago |b Arrayán |c 1996 | ||
| 650 | 0 | |a Educación básica |9 224933 | |
| 650 | 0 | |a Enseñanza de la historia |9 307330 | |
| 650 | 0 | |a Enseñanza de la geografía |9 310005 | |
| 650 | 0 | |a Métodos de enseñanza |9 270413 | |
| 583 | |a last modification |c 20170816 01:39:40 |k Rodrigo Vera | ||
| 999 | |c 282867 |d 282865 | ||
| 952 | |0 0 |1 0 |4 0 |6 372_890000000000000_DIA_1996 |7 0 |8 P |9 325415 |a BIBEDU |b BIBEDU |c BIBEDU_PB |d 2019-11-20 |i 3550281 |o 372.89 DIA 1996 |p 3550281 |r 2024-01-25 |w 2019-11-20 |y BK |k EDU | ||
| 952 | |0 0 |1 0 |4 0 |6 372_890000000000000_DIA_1996 |7 0 |8 P |9 325416 |a BIBEDU |b BIBEDU |c BIBEDU_PB |d 2019-11-20 |i 355029K |o 372.89 DIA 1996 |p 355029K |r 2024-01-25 |w 2019-11-20 |y BK |k EDU | ||